| 000 | 00367nam a22001457a 4500 | ||
|---|---|---|---|
| 005 | 20170808092610.0 | ||
| 008 | 170808b xxu||||| |||| 00| 0 eng d | ||
| 040 | _cPK-LaUMT | ||
| 082 |
_aZIAC 297 _bABU-A |
||
| 100 | _aAbul Ala Maudoodi | ||
| 245 |
_aAl Islam/ _cAbul Ala Maudoodi |
||
| 260 |
_aکویت: _bدارالقلم، _c1974 |
||
| 300 | _a284 ص | ||
| 942 | _cBK | ||
| 999 |
_c96653 _d96653 |
||